| 000 | 01723cam a2200229 4500 | ||
|---|---|---|---|
| 001 | ABS66751 | ||
| 008 | 111208n2003 000 0 eng u | ||
| 035 | _a(Sirsi) u122278 | ||
| 245 | _aWEEE debate kicks off | ||
| 260 | _c2003 | ||
| 490 |
_aEnvironment Information Bulletin _v(129) May 2003, 14-16(3) |
||
| 520 | _aFeature on the EU directive on Waste Electrical and Electronic Equipment (WEEE) (Directive 02/96/EC) and its implementation into UK law. The Directive places new obligations on producers of electrical and electronic goods, in particular requiring them to finance the treatment, recovery and recycling of end products. The directive must be transposed into UK law by 13 August 2004 and the DTI has started the consultation process. Article outlines the scope of the directive, detailing the products it covers, and explains that member states must collect 4kg of WEEE per head of population by December 2006. Considers options for the collection of non-household WEEE and looks at ways to finance household WEEE treatment, differentiating between historic waste and future waste. Also looks at the IT sector and the case for a WEEE compliance scheme. Table. | ||
| 590 | _aABS | ||
| 650 | _aDIRECTIVE 02/96/EC | ||
| 650 | _aWASTE ELECTRICAL AND ELECTRONIC EQUIPMENT REGULATIONS | ||
| 650 | _aPRODUCERS | ||
| 650 | _aHOUSEHOLD WASTE | ||
| 650 | _aMANAGEMENT-BUSINESS MANAGEMENT-INFORMATION MANAGEMENT | ||
| 690 | _aENVIRONMENTAL AND LAND CONSULTANCY-WASTE MANAGEMENT | ||
| 856 |
_uhttps://tna.europarchive.org/20050302090235/ https://www.dti.gov.uk/consultations/consultation-1326.html _zView the archived DTI consultation paper free of charge at http://tna.europarchive.org |
||
| 942 |
_n0 _2ddc |
||
| 999 |
_c72673 _d72673 |
||